[Event "Deloitte NED-ch 2019"]
[Site "Amsterdam"]
[Date "2019.07.05"]
[Round "5.2"]
[White "Van Foreest, Jorden"]
[Black "L'Ami, Erwin"]
[Result "1-0"]
[WhiteElo "2612"]
[BlackElo "2633"]
[Annotator "TA"]
[PlyCount "149"]
[EventDate "2019.07.01"]
[EventType "tourn"]
[EventCountry "NED"]
[SourceTitle "playchess.com"]
[Source "ChessBase"]
[SourceQuality "1"]

{[%evp 9,148,23,18,10,30,26,17,16,11,15,35,35,44,47,36,45,47,41,33,47,34,21,20,17,39,26,44,42,49,45,69,69,69,69,69,69,79,81,86,83,80,80,107,79,53,29,39,24,33,12,169,66,89,77,197,219,218,250,228,164,216,0,0,0,0,0,0,0,0,0,0,0,0,0,0,0,0,0,0,0,0,0,0,0,0,0,0,0,0,0,0,0,0,0,1162,1162,1160,1158,1146,1146,1095,1074,1068,1146,1130,898,1087,1000,837,0,0,0,0,0,0,0,56,0,29969,29970,29970,29971,29970,29971,29975,29976,29973,29974,29989,29990,29992,29993,29993,29977,29977,29978,29992,29993,29993,29991,29999]} 1. e4 d5 2. exd5 Qxd5 3. Nc3 Qa5 4. Bc4 Nf6 5. d3 e6 (5... c6 6. Nge2 Bg4 7. Bd2 Nbd7 8. f3 Bh5 9. Ng3 Bg6 10. f4 e6 11. Nce4 Qc7 12. O-O O-O-O 13. Qe2 Bxe4 14. Nxe4 g6 {1-0 (43) Predke,A (2622)-Kovalenko,I (2657) St Petersburg 2018}) 6. Nf3 {B01: Scandinavian Defence} c5 7. O-O Be7 8. Bf4 {The position is equal.} O-O 9. Ne5 $146 ({Predecessor:} 9. Re1 Nc6 10. Qe2 a6 11. Ne4 b5 12. Bb3 Nxe4 13. Qxe4 {1-0 (25) Darmin,D (2177)-Antonov,S Ufa 2004}) 9... Nbd7 10. Qf3 Qb6 11. Rfe1 {Hoping for Nxf7!} Nxe5 12. Bxe5 Bd7 13. Qg3 Bc6 14. a4 Ne8 15. a5 Qd8 $1 16. a6 b6 17. Rad1 Bf6 18. d4 $36 {[%mdl 2048] White is more active.} cxd4 19. Rxd4 Bxe5 20. Rxd8 Bxg3 21. Rxa8 Bxa8 22. hxg3 Nc7 {[#]} 23. Rd1 $1 Bc6 24. Rd6 Be8 25. g4 h6 26. f4 g6 27. g5 hxg5 28. fxg5 Kg7 29. Ne4 Rh8 $2 (29... Nb5 $1 $11 {and Black has nothing to worry.} 30. Rd1 Bc6) 30. Kf2 (30. Nf6 $18) 30... Rh4 $14 31. Ke3 Ba4 (31... Kf8 $16 {was worth a try.}) 32. b3 $18 Ne8 33. Rd8 Bc6 34. Nc3 {Strongly threatening Bb5.} Rg4 {[#]} 35. Bb5 $2 (35. Rc8 $1 $18) 35... Rg3+ $11 36. Kd2 Rxg2+ 37. Kc1 Bxb5 38. Nxb5 Rxg5 39. c4 $1 {[#]} Rxb5 $1 40. cxb5 {[%mdl 4096] Endgame KR-KN} Nc7 41. Rd7 Nxb5 42. Kd2 {Black should prevent Kd3.} g5 43. Kd3 {Threatens to win with Kc4.} g4 44. Kc4 Na3+ 45. Kb4 Nc2+ $1 (45... g3 $2 46. Kxa3 g2 47. Rd1 $18) 46. Kc3 Na3 47. Kb4 Nc2+ $1 (47... g3 $2 48. Kxa3 Kf8 49. Rd3 $18) 48. Ka4 Ne3 {...g3 is the strong threat.} 49. Rxa7 {Black must now prevent Rc7.} Nd5 (49... g3 $5 50. Rc7 $8 g2 $11) 50. Ra8 {And now Rc8 would win.} Nc3+ 51. Kb4 g3 $2 {[%mdl 8192]} (51... Nd5+ $11 52. Ka4 Nc7) 52. a7 $18 (52. Kxc3 $2 g2 $19) 52... Nd5+ 53. Kc4 g2 {[#]} 54. Rg8+ $1 {[%mdl 576] Decoy, Clearance, Promotion} Kxg8 55. a8=Q+ Kh7 56. Qa1 Nf4 57. Qg1 Kg6 58. b4 Kh5 59. b5 $2 ({Better is} 59. Kb5 $18 Kg4 60. Qf2) 59... Kg4 $1 $11 60. Kb3 e5 61. Kc2 Kf3 {aiming for ...Ne2.} 62. Kd2 Nh3 (62... e4 $1 $11) 63. Qxb6 (63. Qe3+ $14 Kg4 64. Qe4+ (64. Qe2+ Kg3 $14) 64... Kg3 65. Qxe5+ Kf3 66. Qf6+ Kg3 67. Qd6+ (67. Qxb6 g1=Q $15) 67... Kg4 68. Qd4+ (68. Qxb6 g1=Q $11) 68... Kg3 69. Qg7+ (69. Qxb6 g1=Q $11) 69... Kh2 70. Qe5+ Kh1 71. Qd5) 63... f5 $2 {[%mdl 8192]} ({Wrong is} 63... g1=Q $2 64. Qxg1 Nxg1 65. b6 $18) (63... Kg4 $11 64. Kd3 f5) 64. Qe3+ {[%mdl 64] Double Attack. White mates.} Kg4 65. Qe2+ Kg3 66. Qxe5+ f4 67. Qg7+ Kh2 68. b6 f3 69. b7 f2 70. b8=Q+ Kh1 71. Qxg2+ Kxg2 72. Qb7+ Kg1 73. Qg7+ Kf1 74. Ke3 Ke1 75. Qa1# {Accuracy: White = 66%, Black = 60%.} 1-0

[Event "Deloitte NED-ch 2019"]
[Site "Amsterdam"]
[Date "2019.07.05"]
[Round "5.7"]
[White "Werle, Jan"]
[Black "Sokolov, Ivan"]
[Result "0-1"]
[WhiteElo "2555"]
[BlackElo "2584"]
[Annotator "ChessBase"]
[PlyCount "84"]
[EventDate "2019.07.01"]
[EventType "tourn"]
[EventCountry "NED"]
[SourceTitle "playchess.com"]
[Source "ChessBase"]
[SourceQuality "1"]
[TimeControl "40/5400+30:1800+30"]

1. Nf3 {[%emt 0:00:00]} d5 {[%emt 0:00:41]} 2. c4 {[%emt 0:00:56]} e6 {[%emt 0:03:23]} 3. g3 {[%emt 0:02:48]} Nf6 {[%emt 0:00:09]} 4. Bg2 {[%emt 0:00:09]} Be7 {[%emt 0:00:03]} 5. O-O {[%emt 0:00:42]} O-O {[%emt 0:00:04]} 6. b3 {[%emt 0:00:46]} c5 {[%emt 0:02:07]} 7. cxd5 {[%emt 0:01:03]} exd5 {[%emt 0:01:49]} 8. d4 {[%emt 0:01:02]} Nc6 {[%emt 0:00:21]} 9. Bb2 {[%emt 0:00:36]} Ne4 {[%emt 0:03:42]} 10. Nc3 {[%emt 0:09:48]} Bf6 {[%emt 0:00:23]} 11. e3 {[%emt 0:09:55]} Bg4 {[%emt 0:09:09]} 12. h3 {[%emt 0:24:29]} Bxf3 {[%emt 0:01:52]} 13. Bxf3 {[%emt 0:01:06]} cxd4 {[%emt 0:08:38]} 14. Nxe4 {[%emt 0:00:32]} dxe4 {[%emt 0:00:06]} 15. Bxe4 {[%emt 0:00:05]} dxe3 {[%emt 0:00:38]} 16. Qxd8 {[%emt 0:00:24]} exf2+ {[%emt 0:00:06]} 17. Rxf2 {[%emt 0:00:10]} Bxd8 {[%emt 0:00:05]} 18. Kg2 {[%emt 0:03:32]} Bb6 {[%emt 0:01:17]} 19. Rd2 {[%emt 0:00:30]} Rfe8 {[%emt 0:05:37]} 20. Bd5 {[%emt 0:07:50]} Rad8 {[%emt 0:06:28]} 21. Bc3 {[%emt 0:05:44]} Bd4 {[%emt 0:10:08]} 22. Bxd4 {[%emt 0:08:36]} Rxd5 {[%emt 0:00:19]} 23. Rad1 {[%emt 0:00:02]} f6 {[%emt 0:03:09]} 24. Bf2 {[%emt 0:00:45]} Rxd2 {[%emt 0:00:28]} 25. Rxd2 {[%emt 0:00:14]} Re7 {[%emt 0:02:43]} 26. b4 {[%emt 0:03:40]} a6 {[%emt 0:00:02]} 27. Bc5 {[%emt 0:07:06]} Rc7 {[%emt 0:00:14]} 28. a4 {[%emt 0:03:45]} Ne5 {[%emt 0:01:17]} 29. Rd8+ {[%emt 0:02:00]} Kf7 {[%emt 0:00:24]} 30. g4 {[%emt 0:00:15]} Rd7 {[%emt 0:05:51]} 31. Rc8 {[%emt 0:00:30]} Ke6 {[%emt 0:02:09]} 32. Rh8 {[%emt 0:00:36]} Nd3 {[%emt 0:01:29]} 33. Rxh7 {[%emt 0:01:42]} Nxc5 {[%emt 0:00:31]} 34. bxc5 {[%emt 0:00:03]} Kd5 {[%emt 0:01:42]} 35. Rh5+ {[%emt 0:00:53]} Kc4 {[%emt 0:00:43]} 36. h4 {[%emt 0:04:25]} Kb4 {[%emt 0:01:12]} 37. a5 {[%emt 0:00:33]} Rc7 {[%emt 0:01:36]} 38. Rh7 {[%emt 0:00:40]} Kxc5 {[%emt 0:01:27]} 39. h5 {[%emt 0:00:05]} Kb5 {[%emt 0:00:05]} 40. Kf3 {[%emt 0:01:11]} Kxa5 {[%emt 0:00:07]} 41. Ke4 {[%emt 0:10:41]} b5 {[%emt 0:02:44]} 42. Kf5 {[%emt 0:02:32]} b4 {[%emt 0:02:01]} 0-1

[Event "Deloitte NED-ch 2019"]
[Site "Amsterdam"]
[Date "2019.07.06"]
[Round "6.1"]
[White "L'Ami, Erwin"]
[Black "Van Foreest, Lucas"]
[Result "1/2-1/2"]
[WhiteElo "2633"]
[BlackElo "2521"]
[Annotator "TA"]
[PlyCount "138"]
[EventDate "2019.07.01"]
[EventType "tourn"]
[EventCountry "NED"]
[SourceTitle "playchess.com"]
[Source "ChessBase"]
[SourceQuality "1"]

{[%evp 17,138,0,14,12,14,0,0,5,10,14,34,4,12,-188,20,13,14,0,41,13,16,18,21,19,27,19,15,19,21,21,25,10,14,6,7,5,18,8,47,46,42,4,35,26,31,18,37,0,0,0,2,0,7,0,11,0,0,0,0,0,29,29,29,29,30,24,26,27,41,0,0,0,0,0,0,0,0,0,0,0,0,0,0,0,0,0,0,0,0,0,0,0,0,0,0,0,0,0,0,0,0,0,0,0,0,0,0,0,0,0,0,0,0,0,0,0,0,0,0,0,0,0,0]} 1. d4 Nf6 2. c4 e6 3. Nc3 Bb4 4. e3 O-O 5. Bd3 c5 6. Nge2 d5 7. cxd5 cxd4 8. exd4 Qxd5 9. O-O Qh5 10. Ne4 {E48: Nimzo-Indian: Rubinstein: 5 Bd3 d5 including 6 Ne2, but excluding 6 a3} Nbd7 11. Qc2 Nxe4 12. Bxe4 Nf6 13. Bf3 {[#]} Qb5 $146 ({Predecessor:} 13... Qg6 14. Qc4 Bd6 15. Bf4 Bxf4 16. Nxf4 Qf5 17. Nd3 Ne4 18. Bxe4 Qxe4 {1-0 (44) Tregubov,P (2596)-Romanishin,O (2511) Forni di Sopra 2012}) 14. a3 Bd6 15. Nc3 $2 {[#]} (15. g3 $11 {and White is okay.}) 15... Qa5 $2 ({Black should try} 15... Bxh2+ $1 $19 {[%mdl 512]} 16. Kxh2 Qxf1) 16. Be3 Bd7 17. g3 Qc7 18. Qb3 Bc6 19. d5 Nxd5 20. Nxd5 exd5 21. Bxd5 Bxd5 22. Qxd5 Rad8 {White should prevent ...Bxg3.} 23. Rac1 Qb8 $1 {Black wants to play ...Bxg3.} 24. Qa5 b6 25. Qb5 h6 26. a4 Rfe8 27. Rfd1 Rc8 (27... Be5 {with more complications.} 28. b4 Bb2 29. Rb1 Bf6 30. Qc6 Re6) 28. Rxc8 Rxc8 29. Qd5 Be5 30. b4 Re8 31. Kg2 Bf6 32. b5 Rd8 33. Qf3 Bg5 34. Bxg5 hxg5 $11 {[%mdl 4096] Endgame KQR-KQR} 35. Rd5 Qa8 36. Re5 Qxf3+ 37. Kxf3 {KR-KR} Rd3+ 38. Re3 g4+ 39. Kf4 Rd2 $1 40. Re7 Rxf2+ 41. Kxg4 {Hoping for h4.} Kh7 $1 42. Rxa7 Kh6 $1 43. Ra6 f5+ $1 {The position is equal.} 44. Kh3 Kh5 $1 45. Rxb6 {[#] Rb8 is the strong threat.} g5 {[%csl Gf5,Gh5][%cal Rg5g4]} 46. g4+ $1 fxg4+ 47. Kg3 Rf3+ 48. Kg2 Ra3 49. Rb8 Ra2+ 50. Kg1 Ra1+ $1 51. Kg2 Ra2+ 52. Kf1 Ra1+ 53. Ke2 g3 $1 {[%cal Rg3g2] And now ...g2 would win.} 54. hxg3 (54. Rh8+ {is interesting.} Kg4 55. h3+ Kf4 56. Rf8+ Ke4 57. Re8+) 54... Rxa4 55. Kd3 Kg4 56. Kc3 Kxg3 57. Rg8 g4 58. b6 {b7 would kill now.} Ra3+ $1 59. Kc4 {aiming for b7.} Ra4+ $1 60. Kc5 {Threatens to win with b7.} Ra5+ (60... Ra1 {keeps more tension.} 61. Rf8 Rb1 62. Rf6 Kh2 63. Rh6+ Kg2) 61. Kc6 {Threatening mate with b7.} Ra6 (61... Ra1 {is more complex.} 62. Rg5 Ra6 63. Kc7 Rxb6 64. Kxb6 Kf3) 62. Kb5 Rxb6+ 63. Kxb6 {KR-KP} Kf3 64. Kc5 g3 $1 65. Kd4 g2 66. Kd3 Kf2 67. Rf8+ Ke1 68. Rg8 Kf2 69. Rxg2+ Kxg2 {Accuracy: White = 43%, Black = 74%.} 1/2-1/2

[Event "Deloitte NED-ch 2019"]
[Site "Amsterdam"]
[Date "2019.07.06"]
[Round "6.2"]
[White "Van den Doel, Erik"]
[Black "Van Foreest, Jorden"]
[Result "1/2-1/2"]
[WhiteElo "2605"]
[BlackElo "2612"]
[Annotator "RC"]
[PlyCount "112"]
[EventDate "2019.07.01"]
[EventType "tourn"]
[EventCountry "NED"]
[SourceTitle "playchess.com"]
[Source "ChessBase"]
[SourceQuality "1"]
[TimeControl "40/5400+30:1800+30"]

1. d4 {[%emt 0:00:00]} Nf6 {[%emt 0:00:00]} 2. Nf3 {[%emt 0:00:00]} g6 {[%emt 0:00:00]} 3. Nbd2 {[%emt 0:00:00]} d5 {[%emt 0:02:06]} 4. e3 {[%emt 0:00:00]} Bg7 {[%emt 0:01:45]} 5. b4 {[%emt 0:00:02]} Nbd7 {[%emt 0:05:11]} 6. Bb2 {[%emt 0:09:24]} a5 {[%emt 0:02:29]} 7. b5 {[%emt 0:02:18]} a4 {[%emt 0:01:40]} 8. Ba3 {[%emt 0:16:30]} O-O {[%emt 0:02:07]} 9. Be2 {[%emt 0:01:40]} Re8 {[%emt 0:01:11]} 10. O-O {[%emt 0:02:40]} e5 {[%emt 0:02:41]} 11. c4 {[%emt 0:06:09]} Ne4 {[%emt 0:03:24]} 12. Rc1 {[%emt 0:05:44]} Nxd2 {[%emt 0:09:43]} 13. Qxd2 {[%emt 0:12:10]} dxc4 {[%emt 0:06:13]} 14. dxe5 {[%emt 0:03:34]} Nxe5 {[%emt 0:02:17]} 15. Qxd8 {[%emt 0:03:55]} Nxf3+ {[%emt 0:02:23]} 16. Bxf3 {[%emt 0:02:48]} Rxd8 {[%emt 0:00:47]} 17. Rxc4 {[%emt 0:00:24]} Rd2 {[%emt 0:12:27]} 18. Rxc7 {[%emt 0:18:50]} Rxa2 {[%emt 0:00:36]} 19. Rfc1 {[%emt 0:02:18]} Rxa3 {[%emt 0:00:56]} 20. Rxc8+ {[%emt 0:00:03]} Rxc8 {[%emt 0:00:08]} 21. Rxc8+ {[%emt 0:00:02]} Bf8 {[%emt 0:00:11]} 22. g3 {[%emt 0:02:34]} Rb3 {[%emt 0:00:43]} 23. Ra8 {[%emt 0:00:09]} a3 {[%emt 0:00:22]} 24. Bxb7 {[%emt 0:00:12]} Rxb5 {[%emt 0:00:06]} 25. Bc6 {[%emt 0:00:19]} Rc5 {[%emt 0:01:58]} 26. Bf3 {[%emt 0:00:06]} Kg7 {[%emt 0:00:09]} 27. Kg2 {[%emt 0:00:04]} Rc2 {[%emt 0:04:03]} 28. Bd5 {[%emt 0:00:10]} Rd2 {[%emt 0:00:15]} 29. Bc4 {[%emt 0:00:20]} Rd7 {[%emt 0:01:00]} 30. Kf3 {[%emt 0:00:21]} h5 {[%emt 0:00:18]} 31. h4 {[%emt 0:02:15]} Bc5 {[%emt 0:01:17]} 32. Ra5 {[%emt 0:00:58]} Rc7 {[%emt 0:00:08]} 33. Bd5 {[%emt 0:00:25]} Kf6 {[%emt 0:00:19]} 34. Ke4 {[%emt 0:00:19]} Ke7 {[%emt 0:01:43]} 35. Kd3 {[%emt 0:02:47]} Kd6 {[%emt 0:00:58]} 36. Ra6+ {[%emt 0:00:24]} Ke7 {[%emt 0:00:53]} 37. Ra5 {[%emt 0:01:07]} Bb4 {[%emt 0:00:27]} 38. Ra4 {[%emt 0:00:34]} Rd7 {[%emt 0:02:51]} 39. e4 {[%emt 0:02:46]} Bc5 {[%emt 0:00:19]} 40. Ke2 {[%emt 0:02:15]} Rc7 {[%emt 0:07:05]} 41. f4 {[%emt 0:05:44]} Bd6 {[%emt 0:05:04]} 42. e5 {[%emt 0:01:10]} Bc5 {[%emt 0:00:05]} 43. Kf3 {[%emt 0:00:13]} Rd7 {[%emt 0:00:33]} 44. Ke4 {[%emt 0:03:25]} f5+ {[%emt 0:00:20]} 45. exf6+ {[%emt 0:00:10]} Kxf6 {[%emt 0:00:06]} 46. Ra6+ {[%emt 0:00:48]} Kg7 {[%emt 0:00:07]} 47. Ra5 {[%emt 0:02:02]} Re7+ {[%emt 0:01:44]} 48. Kd3 {[%emt 0:00:05]} Bf2 {[%emt 0:00:18]} 49. Be4 {[%emt 0:04:34]} Bxg3 {[%emt 0:00:31]} 50. Rxa3 {[%emt 0:01:06]} Bxh4 {[%emt 0:00:09]} 51. Rb3 {[%emt 0:00:16]} Rd7+ {[%emt 0:00:07]} 52. Ke3 {[%emt 0:00:35]} Rd6 {[%emt 0:00:28]} 53. Rb7+ {[%emt 0:00:37]} Kh6 {[%emt 0:00:08]} 54. Rc7 {[%emt 0:00:25]} Bd8 {[%emt 0:00:55]} 55. Rc6 {[%emt 0:00:05]} Rxc6 {[%emt 0:00:04]} 56. Bxc6 {[%emt 0:00:03]} g5 {[%emt 0:00:04]} 1/2-1/2

[Event "Deloitte NED-ch 2019"]
[Site "Amsterdam"]
[Date "2019.07.06"]
[Round "6.4"]
[White "Bok, Benjamin"]
[Black "Werle, Jan"]
[Result "1-0"]
[WhiteElo "2645"]
[BlackElo "2555"]
[Annotator "TA"]
[PlyCount "85"]
[EventDate "2019.07.01"]
[EventType "tourn"]
[EventCountry "NED"]
[SourceTitle "playchess.com"]
[Source "ChessBase"]
[SourceQuality "1"]

{[%evp 9,85,0,7,0,6,-1,29,21,35,-4,16,-18,-3,-19,0,-10,0,0,-5,-14,0,0,0,0,0,0,0,0,11,16,36,29,27,29,33,27,23,25,41,18,29,20,58,58,59,68,57,0,102,109,137,130,134,138,137,138,121,118,131,114,213,198,192,175,192,137,201,216,176,184,273,248,264,243,310,264,362,355]} 1. Nf3 Nf6 2. c4 e6 3. Nc3 d5 4. e3 c5 5. cxd5 exd5 6. Bb5+ {A17: English Opening: 1...Nf6 with ...Bb4} Nbd7 $146 ({Predecessor:} 6... Nc6 7. d4 cxd4 8. exd4 Bd6 9. O-O O-O 10. Bg5 Bg4 11. Bxc6 bxc6 12. Qd3 h6 13. Bh4 Bxf3 14. Qxf3 g5 15. Bg3 Re8 16. Rae1 Rxe1 17. Rxe1 Bxg3 18. hxg3 {½-½ (32) Indjic,A (2620)-Kuzubov,Y (2644) Dubai 2019}) 7. O-O Bd6 8. b3 {White has an edge.} a6 9. Be2 (9. Bxd7+ $5 Qxd7 10. Bb2 $11) 9... b5 {[%cal Bb7b5,Bb5b4][%mdl 32]} 10. Bb2 O-O 11. Rc1 (11. a4 $5 {[%cal Ra4b5]}) 11... Nb6 12. a4 b4 13. Nb1 $1 a5 14. d3 Ba6 15. Nbd2 Rc8 16. Re1 Re8 17. g3 Nfd7 18. e4 Bf8 19. exd5 Nxd5 20. Bf1 Rxe1 21. Qxe1 N5b6 22. Nc4 Bb7 {...Nxc4 is the strong threat.} 23. Bg2 Bd5 24. Nfd2 Bxg2 25. Kxg2 Nb8 26. Qe4 Nxc4 27. Nxc4 Nc6 28. Rd1 ({Better is} 28. Re1 $14) 28... Qe8 (28... g6 $1 $11) 29. Rd2 $16 Qe6 30. Qxe6 fxe6 31. d4 $1 Rd8 {[%cal Rc5d4] [#]} 32. dxc5 $1 Rxd2 33. Nxd2 Bxc5 {[%mdl 4096] Endgame KBN-KBN} 34. Nc4 Be7 (34... Bd4 $16) 35. Be5 Bd8 {[#]} 36. Kf3 $1 g6 37. Ke4 Kf8 (37... Kf7 $16 {keeps fighting.}) 38. Bf4 $18 Ke8 39. Ne5 Na7 (39... Ne7 {is a better defense.} 40. Bg5 Bb6) 40. Be3 Nc8 41. Bc5 Bc7 42. f4 Kd8 43. Kd4 {Accuracy: White = 83%, Black = 43%.} 1-0

[Event "Deloitte NED-ch 2019"]
[Site "Amsterdam"]
[Date "2019.07.06"]
[Round "6.7"]
[White "Tiviakov, Sergei"]
[Black "Sokolov, Ivan"]
[Result "1/2-1/2"]
[WhiteElo "2608"]
[BlackElo "2584"]
[Annotator "RC"]
[PlyCount "86"]
[EventDate "2019.07.01"]
[EventType "tourn"]
[EventCountry "NED"]
[SourceTitle "playchess.com"]
[Source "ChessBase"]
[SourceQuality "1"]
[TimeControl "40/5400+30:1800+30"]

1. e4 {[%emt 0:00:00]} e5 {[%emt 0:09:12]} 2. Nf3 {[%emt 0:00:00]} Nc6 {[%emt 0:00:03]} 3. Bb5 {[%emt 0:00:00]} a6 {[%emt 0:00:13]} 4. Ba4 {[%emt 0:00:00]} Nf6 {[%emt 0:00:03]} 5. d3 {[%emt 0:00:12]} d6 {[%emt 0:00:41]} 6. c3 {[%emt 0:00:10]} Be7 {[%emt 0:00:41]} 7. Nbd2 {[%emt 0:03:09]} O-O {[%emt 0:00:57]} 8. O-O {[%emt 0:00:21]} Nd7 {[%emt 0:02:22]} 9. Bc2 {[%emt 0:08:32]} Nb6 {[%emt 0:00:12]} 10. d4 {[%emt 0:06:06]} exd4 {[%emt 0:09:44]} 11. Nxd4 {[%emt 0:03:18]} Nxd4 {[%emt 0:10:23]} 12. cxd4 {[%emt 0:00:02]} f5 {[%emt 0:00:02]} 13. Bb3+ {[%emt 0:10:20]} Kh8 {[%emt 0:01:03]} 14. e5 {[%emt 0:00:05]} dxe5 {[%emt 0:09:51]} 15. dxe5 {[%emt 0:00:04]} Nd7 {[%emt 0:00:02]} 16. Nf3 {[%emt 0:02:37]} Nc5 {[%emt 0:00:06]} 17. Qxd8 {[%emt 0:06:03]} Rxd8 {[%emt 0:00:39]} 18. Bc2 {[%emt 0:00:38]} a5 {[%emt 0:19:34]} 19. Be3 {[%emt 0:04:15]} Be6 {[%emt 0:00:06]} 20. Rfc1 {[%emt 0:15:23]} b6 {[%emt 0:01:37]} 21. Ng5 {[%emt 0:01:13]} Bxg5 {[%emt 0:02:02]} 22. Bxg5 {[%emt 0:00:19]} Rd5 {[%emt 0:00:03]} 23. Bd1 {[%emt 0:14:24]} Rc8 {[%emt 0:01:22]} 24. Bf3 {[%emt 0:01:32]} Ne4 {[%emt 0:00:55]} 25. Bf4 {[%emt 0:00:15]} c5 {[%emt 0:00:40]} 26. h4 {[%emt 0:00:40]} h6 {[%emt 0:02:28]} 27. h5 {[%emt 0:06:17]} b5 {[%emt 0:09:00]} 28. Be2 {[%emt 0:13:32]} c4 {[%emt 0:00:29]} 29. f3 {[%emt 0:00:30]} Nc5 {[%emt 0:00:18]} 30. Rd1 {[%emt 0:00:10]} Rcd8 {[%emt 0:04:56]} 31. Rxd5 {[%emt 0:00:04]} Bxd5 {[%emt 0:00:03]} 32. Rd1 {[%emt 0:01:17]} a4 {[%emt 0:00:51]} 33. Bd2 {[%emt 0:02:23]} Be6 {[%emt 0:02:48]} 34. a3 {[%emt 0:00:25]} Kg8 {[%emt 0:00:36]} 35. Bc3 {[%emt 0:00:59]} Nd3 {[%emt 0:02:59]} 36. g3 {[%emt 0:01:42]} f4 {[%emt 0:00:27]} 37. gxf4 {[%emt 0:00:41]} Kf7 {[%emt 0:02:32]} 38. Bxd3 {[%emt 0:00:37]} Rxd3 {[%emt 0:00:10]} 39. Rxd3 {[%emt 0:00:06]} cxd3 {[%emt 0:00:02]} 40. Kf2 {[%emt 0:00:06]} Bf5 {[%emt 0:01:36]} 41. Ke3 {[%emt 0:05:18]} Ke6 {[%emt 0:01:38]} 42. Kd4 {[%emt 0:03:50]} g6 {[%emt 0:00:26]} 43. hxg6 {[%emt 0:00:15]} Bxg6 {[%emt 0:07:00]} 1/2-1/2

[Event "Deloitte NED-ch 2019"]
[Site "Amsterdam"]
[Date "2019.07.07"]
[Round "7.1"]
[White "Van Foreest, Lucas"]
[Black "Van den Doel, Erik"]
[Result "1-0"]
[WhiteElo "2521"]
[BlackElo "2605"]
[Annotator "RC"]
[PlyCount "83"]
[EventDate "2019.07.01"]
[EventType "tourn"]
[EventCountry "NED"]
[SourceTitle "playchess.com"]
[Source "ChessBase"]
[SourceQuality "1"]
[TimeControl "40/5400+30:1800+30"]

1. e4 {[%emt 0:07:15]} c6 {[%emt 0:00:00]} 2. d4 {[%emt 0:01:01]} d5 {[%emt 0:00:00]} 3. exd5 {[%emt 0:00:03]} cxd5 {[%emt 0:00:00]} 4. Bd3 {[%emt 0:00:03]} Nc6 {[%emt 0:00:13]} 5. c3 {[%emt 0:00:03]} Qc7 {[%emt 0:00:08]} 6. Ne2 {[%emt 0:00:05]} e6 {[%emt 0:02:39]} 7. Bf4 {[%emt 0:01:16]} Bd6 {[%emt 0:00:06]} 8. Bxd6 {[%emt 0:00:25]} Qxd6 {[%emt 0:00:04]} 9. O-O {[%emt 0:02:06]} Nge7 {[%emt 0:00:04]} 10. Nd2 {[%emt 0:00:38]} O-O {[%emt 0:00:42]} 11. f4 {[%emt 0:01:40]} Bd7 {[%emt 0:01:30]} 12. Nf3 {[%emt 0:00:17]} f6 {[%emt 0:00:15]} 13. Qc2 {[%emt 0:08:42]} Nf5 {[%emt 0:01:59]} 14. g4 {[%emt 0:03:25]} Ne3 {[%emt 0:01:33]} 15. Bxh7+ {[%emt 0:01:06]} Kh8 {[%emt 0:15:27]} 16. Qd3 {[%emt 0:02:42]} Nxg4 {[%emt 0:02:01]} 17. Nh4 {[%emt 0:04:45]} Ne7 {[%emt 0:23:52]} 18. Ng6+ {[%emt 0:06:25]} Nxg6 {[%emt 0:00:14]} 19. Bxg6 {[%emt 0:00:04]} Nh6 {[%emt 0:12:24]} 20. Kh1 {[%emt 0:00:10]} Be8 {[%emt 0:09:33]} 21. Rg1 {[%emt 0:00:42]} Qe7 {[%emt 0:08:23]} 22. Rae1 {[%emt 0:09:33]} f5 {[%emt 0:03:02]} 23. Qh3 {[%emt 0:13:25]} Rf6 {[%emt 0:00:19]} 24. Bxe8 {[%emt 0:01:33]} Rxe8 {[%emt 0:00:05]} 25. Ng3 {[%emt 0:01:08]} Kh7 {[%emt 0:03:22]} 26. Nh5 {[%emt 0:02:32]} Rf7 {[%emt 0:05:01]} 27. Qg3 {[%emt 0:01:53]} Kh8 {[%emt 0:02:33]} 28. h3 {[%emt 0:02:25]} Ng8 {[%emt 0:00:14]} 29. Qg6 {[%emt 0:02:08]} Nf6 {[%emt 0:00:47]} 30. Re2 {[%emt 0:00:19]} Nxh5 {[%emt 0:02:03]} 31. Qxh5+ {[%emt 0:00:04]} Kg8 {[%emt 0:00:02]} 32. Rg6 {[%emt 0:00:42]} Qd6 {[%emt 0:01:17]} 33. Qh6 {[%emt 0:03:45]} Qa6 {[%emt 0:01:39]} 34. Reg2 {[%emt 0:01:06]} Qf1+ {[%emt 0:00:05]} 35. Kh2 {[%emt 0:00:05]} Ree7 {[%emt 0:00:07]} 36. Qh4 {[%emt 0:01:12]} Qf3 {[%emt 0:03:29]} 37. R6g5 {[%emt 0:00:05]} Rd7 {[%emt 0:00:36]} 38. Rh5 {[%emt 0:00:26]} Rf8 {[%emt 0:00:57]} 39. Rh8+ {[%emt 0:00:17]} Kf7 {[%emt 0:00:04]} 40. Rxg7+ {[%emt 0:00:14]} Ke8 {[%emt 0:00:04]} 41. Rxf8+ {[%emt 0:30:05]} Kxf8 {[%emt 0:30:03]} 42. Qh8# {[%emt 0:00:04]} 1-0

[Event "Deloitte NED-ch 2019"]
[Site "Amsterdam"]
[Date "2019.07.07"]
[Round "7.2"]
[White "Van Foreest, Jorden"]
[Black "Tiviakov, Sergei"]
[Result "1/2-1/2"]
[WhiteElo "2612"]
[BlackElo "2608"]
[Annotator "RC"]
[PlyCount "54"]
[EventDate "2019.07.01"]
[EventType "tourn"]
[EventCountry "NED"]
[SourceTitle "playchess.com"]
[Source "ChessBase"]
[SourceQuality "1"]
[TimeControl "40/5400+30:1800+30"]

1. d4 {[%emt 0:00:00]} Nf6 {[%emt 0:00:00]} 2. c4 {[%emt 0:00:00]} e6 {[%emt 0:00:00]} 3. Nf3 {[%emt 0:00:07]} b6 {[%emt 0:00:00]} 4. g3 {[%emt 0:00:24]} Bb7 {[%emt 0:00:00]} 5. Bg2 {[%emt 0:00:20]} Be7 {[%emt 0:00:00]} 6. O-O {[%emt 0:00:24]} O-O {[%emt 0:00:01]} 7. d5 {[%emt 0:00:19]} exd5 {[%emt 0:01:12]} 8. Nh4 {[%emt 0:00:32]} c6 {[%emt 0:00:06]} 9. cxd5 {[%emt 0:00:21]} Nxd5 {[%emt 0:00:45]} 10. Nf5 {[%emt 0:00:21]} Nc7 {[%emt 0:00:04]} 11. Nc3 {[%emt 0:00:59]} Ne6 {[%emt 0:00:11]} 12. e4 {[%emt 0:00:25]} d6 {[%emt 0:00:07]} 13. Qd2 {[%emt 0:00:06]} Qd7 {[%emt 0:29:06]} 14. Rd1 {[%emt 0:02:37]} Rd8 {[%emt 0:00:15]} 15. b3 {[%emt 0:06:50]} Na6 {[%emt 0:04:08]} 16. Bb2 {[%emt 0:04:36]} Nac7 {[%emt 0:02:38]} 17. h4 {[%emt 0:03:53]} Ne8 {[%emt 0:11:14]} 18. Ne2 {[%emt 0:04:52]} Bf8 {[%emt 0:01:43]} 19. h5 {[%emt 0:03:09]} f6 {[%emt 0:02:46]} 20. Nf4 {[%emt 0:03:57]} Nxf4 {[%emt 0:06:41]} 21. Qxf4 {[%emt 0:00:19]} Qf7 {[%emt 0:00:07]} 22. Qg4 {[%emt 0:02:38]} Kh8 {[%emt 0:01:17]} 23. Rac1 {[%emt 0:00:05]} c5 {[%emt 0:06:30]} 24. Nh4 {[%emt 0:09:39]} Bc8 {[%emt 0:02:46]} 25. Qe2 {[%emt 0:00:18]} Bb7 {[%emt 0:00:12]} 26. Qg4 {[%emt 0:02:15]} Bc8 {[%emt 0:02:31]} 27. Qe2 {[%emt 0:00:12]} Bb7 {[%emt 0:00:33]} 1/2-1/2